| 000 | 00000nam##2200000za#4500 |
| 001 | 9.581418 |
| 003 | CaOODSP |
| 005 | 20220912125301 |
| 007 | cr ||||||||||| |
| 008 | 150406|2015||||xxc|||||o f|0| 0 eng|d |
| 022 | |a2291-0840 |
| 040 | |aCaOODSP|beng |
| 043 | |an-cn--- |
| 086 | 1 |aCS75-006/1-2015-1E-PDF |
| 245 | 00|aEmployer pensions and the wealth of Canadian families / |h[electronic resource]|cby Derek Messacar and René Morissette. |
| 260 | |aOttawa - Ontario : |bStatistics Canada |cJanuary 15, 2015. |
| 300 | |a12p.|bcoloured figs., references, tables |
| 490 | 1 |aInsights on Canadian society|x2291-0840 |
| 590 | |a15-03|b2015-01-16 |
| 710 | 2 |aStatistics Canada. |
| 775 | 08|tLes régimes de pension d'employeur et le patrimoine des familles canadiennes / |w(CaOODSP)9.608244 |
| 830 | #0|aInsights on Canadian society (Statistics Canada)|x2291-0840|w(CaOODSP)9.507406 |
| 856 | 40|ahttp://publications.gc.ca|qPDF|s496 KB|uhttps://publications.gc.ca/collections/collection_2015/statcan/75-006-x/75-006-2015001-1-eng.pdf |